Over/Under: Lord of the Rings Quiz Stats

Quiz Updated May 28, 2013

Challenge
Share
Tweet
Embed
Score 0/20 Timer 02:00
2 Plays Today
Question Over/Under % Correct
Members of the Fellowship: 7???
83.8%
Rings given to the Dwarf Lords: 10???
81.2%
Rings given to the Elves: 5???
79.9%
Istari (Wizards) sent to Middle Earth: 3???
78%
Number of Nazgul: 12???
77%
Year of first publication of 'The Fellowship of the Ring': 1973???
75.6%
Age in which the books take place: 7th???
74.5%
Age of J.R.R.Tolkien when 'The Fellowship of the Ring' is published: 45???
73.1%
Length of Return of the King in minutes: 189???
70.5%
Number of meals Hobbits eat per day: 5???
69%
Question Over/Under % Correct
Number of chapters in all three volumes: 54???
67%
% profit generated for New Line on initial outlay from Return of the King: 365???
64.8%
Age at death of Old Took: 113???
59.8%
Frodo's date of birthday: 26th???
59.6%
Children of Elrond: 2???
56.6%
Gollum's Age: 689???
56.2%
Number of Oscars won by Fellowship of the Ring: 10???
48.7%
Different people to hold the One Ring in the books: 6???
45.5%
Years taken to write The Lord of the Rings: 17???
41.9%
Year that the Lord of the Rings was first turned into a movie: 2000???
39.6%

You're not logged in!

Compare scores with friends on all Sporcle quizzes.
Sign Up with Email
OR
Log In

You Might Also Like...

Show Comments

Extras

Top Quizzes Today


Score Distribution

Your Account Isn't Verified!

In order to create a playlist on Sporcle, you need to verify the email address you used during registration. Go to your Sporcle Settings to finish the process.